Un temps d'adaptation : les États-Unis et la globalisation dans les années 1960 et 1970 (notice n° 1603544)

détails MARC
000 -LEADER
fixed length control field 01879cam a2200169 4500500
005 - DATE AND TIME OF LATEST TRANSACTION
control field 20251228092702.0
041 ## - LANGUAGE CODE
Language code of text/sound track or separate title fre
042 ## - AUTHENTICATION CODE
Authentication code dc
100 10 - MAIN ENTRY--PERSONAL NAME
Personal name Hanhimäki, Jussi M.
Relator term author
245 00 - TITLE STATEMENT
Title Un temps d'adaptation : les États-Unis et la globalisation dans les années 1960 et 1970
260 ## - PUBLICATION, DISTRIBUTION, ETC.
Date of publication, distribution, etc. 2005.<br/>
500 ## - GENERAL NOTE
General note 93
520 ## - SUMMARY, ETC.
Summary, etc. Un temps d’adaptation : les États-Unis et la globalisation dans les années 1960 et 1970Cet article discute l’ajustement des États-Unis à un nouvel environnement international politique et économique. De façon générale, les années 1960 étaient témoin d’une série de défis à l’ordre bipolaire de guerre froide et de séries de changements des personnes dans la manière de communiquer, transférer et traiter l’information. L’article récapitule comment les administrations de Nixon-Ford ont répondu aux changements en ajustant les politiques économiques et de sécurité des États-Unis de telle manière que – inconsciemment – le processus de globalisation s’est accéléré.
520 ## - SUMMARY, ETC.
Summary, etc. Un temps d’adaptation : les États-Unis et la globalisation dans les années 1960 et 1970This article discusses how the United States adjusted to a new political and economic international environment. In broad terms, the 1960s witnessed a series of challenges to the bipolar cold war order and a series of changes in the way people communicated, transferred and processed information. The article summarizes how the Nixon-Ford Administrations responded to the changes by adjusting US economic and security policies in ways that – unwittingly – drove the globalization process forward.
786 0# - DATA SOURCE ENTRY
Note Relations internationales | 124 | 4 | 2005-12-01 | p. 83-93 | 0335-2013
856 41 - ELECTRONIC LOCATION AND ACCESS
Uniform Resource Identifier <a href="https://shs.cairn.info/revue-relations-internationales-2005-4-page-83?lang=fr&redirect-ssocas=7080">https://shs.cairn.info/revue-relations-internationales-2005-4-page-83?lang=fr&redirect-ssocas=7080</a>

Pas d'exemplaire disponible.

PLUDOC

PLUDOC est la plateforme unique et centralisée de gestion des bibliothèques physiques et numériques de Guinée administré par le CEDUST. Elle est la plus grande base de données de ressources documentaires pour les Étudiants, Enseignants chercheurs et Chercheurs de Guinée.

Adresse

627 919 101/664 919 101

25 boulevard du commerce
Kaloum, Conakry, Guinée

Réseaux sociaux

Powered by Netsen Group @ 2025